| 000 | 00542nam a2200217Ia 4500 | ||
|---|---|---|---|
| 003 | OSt | ||
| 005 | 20221005093541.0 | ||
| 006 | a|||||r|||| 00| 0 | ||
| 007 | ta | ||
| 008 | 221004b |||||||| |||| 00| 0 eng d | ||
| 024 | _a22789 | ||
| 037 | _cTextual | ||
| 040 |
_aCRL _cCRL _beng |
||
| 041 |
_2eng _aeng |
||
| 100 |
_aBloomfield Intra _9618509 |
||
| 245 | 0 | _aModern Executive. | |
| 260 |
_aNewyork _bWilson Co. _c1924 |
||
| 300 |
_a263p _ccm. |
||
| 942 |
_cTEXL _2cc |
||
| 999 |
_c1000584 _d1000584 |
||